| 000 | 01899cad a22002775a 4500 | ||
|---|---|---|---|
| 001 | L145156 | ||
| 008 | 080911s2009 xxk adef 001 0 eng d | ||
| 020 | _a9780750686860 | ||
| 035 | _a(Sirsi) u145156 | ||
| 041 | 0 | _aeng | |
| 050 | 0 | 4 | _a624 $2 18 |
| 100 | 1 | _aCobb, Fiona | |
| 245 | 0 | 0 |
_aStructural engineer's pocket book _h[electronic resource] |
| 250 | _a2nd ed. | ||
| 260 |
_aOxford _bElsevier Butterworth-Heinemann _c2009 |
||
| 300 | _aeBook | ||
| 505 | 2 | _aGeneral information -- Statutory authorities and permissions -- Design data -- Structural analysis -- Timber and plywood -- Masonry -- Reinforced concrete -- Structural steel -- Composite steel and concrete -- Structural glass -- Building elements, materials, fixings and fastenings -- Sustainability -- Useful mathematics | |
| 520 | _aA pocket reference guide for professional and student structural engineers, containing tables, data, facts, formulae and rules of thumb for scheme design. This new edition adds a chapter about sustainability and the changes to the British standards. The first chapter includes general information such as the metric system, imperial units and conversion factors. The other chapters refer to more specific subjects: statutory authorities and permissions; design data; basic and shortcut tools for structural analysis; geotechnics; timber and plywood; masonry; reinforced concrete; structural steel; composite steel and concrete; structural glass; building elements, materials, fixings and fastenings. A final chapter covers useful mathematics. | ||
| 520 | _aSupersedes first edition (ISBN 0750656387) | ||
| 590 | _aKA | ||
| 650 | 2 | 4 | _aEBOOK |
| 651 | 4 |
_aEngland and Wales _y1543- |
|
| 690 | _aBUILT ENVIRONMENT-ENGINEERING-CIVIL ENGINEERING-STRUCTURAL ENGINEERING | ||
| 856 | 4 | 8 |
_uhttps://www.vlebooks.com/ _zView on VLEbooks. Logins for members only from [email protected] |
| 942 | _n0 | ||
| 999 |
_c108702 _d108702 |
||